MyGZULibrary

Tourism management / (Record no. 937)

MARC details
000 -LEADER
fixed length control field 02908cam a2200385 i 4500
001 - CONTROL NUMBER
control field 18144545
003 - CONTROL NUMBER IDENTIFIER
control field GZU
005 - DATE AND TIME OF LATEST TRANSACTION
control field 20200916135718.0
008 - FIXED-LENGTH DATA ELEMENTS--GENERAL INFORMATION
fixed length control field 140508s2015 enk b 001 0 eng
010 ## - LIBRARY OF CONGRESS CONTROL NUMBER
LC control number 2014017096
020 ## - INTERNATIONAL STANDARD BOOK NUMBER
International Standard Book Number 9781138784574 (hbk)
020 ## - INTERNATIONAL STANDARD BOOK NUMBER
International Standard Book Number 9781138784567 (pbk.)
020 ## - INTERNATIONAL STANDARD BOOK NUMBER
International Standard Book Number 9781315768267 (ebk)
040 ## - CATALOGING SOURCE
Original cataloging agency DLC
Language of cataloging eng
Transcribing agency DLC
Description conventions rda
Modifying agency DLC
042 ## - AUTHENTICATION CODE
Authentication code pcc
050 00 - LIBRARY OF CONGRESS CALL NUMBER
Classification number G155.A1
Item number T59237 2015
082 00 - DEWEY DECIMAL CLASSIFICATION NUMBER
Classification number 910.68
Edition number 23
084 ## - OTHER CLASSIFICATION NUMBER
Classification number BUS081000
Number source bisacsh
100 1# - MAIN ENTRY--PERSONAL NAME
Personal name Page, Stephen,
Dates associated with a name 1963-
245 10 - TITLE STATEMENT
Title Tourism management /
Statement of responsibility, etc. Stephen J. Page.
250 ## - EDITION STATEMENT
Edition statement Fifth edition.
264 #1 - PRODUCTION, PUBLICATION, DISTRIBUTION, MANUFACTURE, AND COPYRIGHT NOTICE
Place of production, publication, distribution, manufacture London ;
-- New York :
Name of producer, publisher, distributor, manufacturer Routledge,
Date of production, publication, distribution, manufacture, or copyright notice 2015.
300 ## - PHYSICAL DESCRIPTION
Extent xix, 467 pages :
Other physical details color illustrations ;
Dimensions 25 cm
336 ## - CONTENT TYPE
Content type term text
Source rdacontent
337 ## - MEDIA TYPE
Media type term unmediated
Source rdamedia
338 ## - CARRIER TYPE
Carrier type term volume
Source rdacarrier
504 ## - BIBLIOGRAPHY, ETC. NOTE
Bibliography, etc. note Includes bibliographical references and index.
520 ## - SUMMARY, ETC.
Summary, etc. "One of the leading texts in the field, Tourism Management is the ideal introduction to the fundamentals of tourism as you study for a degree, diploma or single module in the subject. It is written in an engaging style that assumes no prior knowledge of tourism and builds up your understanding as you progress through this wide ranging global review of the principles of managing tourism. It traces the evolution and future development of tourism and the challenges facing tourism managers in this fast growing sector of the world economy. This book is highly illustrated with diagrams and colour images, and contains short case studies of contemporary themes of interest, as well as new data and statistics. This fifth edition has been revised and updated to include: New content on: sports, festivals and event tourism, social media impacts on tourism, global economic downturn affecting tourism as well as emerging themes in tourism such as slow travel, dark tourism, volunteer tourism and medical tourism. Updated case studies on BRIC markets and new case studies from Middle East and Asia. Enhanced Tourism and sustainable development coverage, which runs throughout the book as a major theme, highlighting the challenge of climate change and future tourism growth Transport section includes more international perspectives from China and South America. Updated companion website which includes: additional case studies, quizzes, PPT's, further reading, web reading as well as video links and longer reflective case study per chapter to aid both teaching and learning"--
Assigning source Provided by publisher.
650 #0 - SUBJECT ADDED ENTRY--TOPICAL TERM
Topical term or geographic name entry element Tourism
Form subdivision Textbooks.
650 #0 - SUBJECT ADDED ENTRY--TOPICAL TERM
Topical term or geographic name entry element Tourism
General subdivision Management
Form subdivision Textbooks.
650 #7 - SUBJECT ADDED ENTRY--TOPICAL TERM
Topical term or geographic name entry element BUSINESS & ECONOMICS / Industries / Hospitality, Travel & Tourism.
Source of heading or term bisacsh
906 ## - LOCAL DATA ELEMENT F, LDF (RLIN)
a 7
b cbc
c orignew
d 1
e ecip
f 20
g y-gencatlg
942 ## - ADDED ENTRY ELEMENTS (KOHA)
Source of classification or shelving scheme Library of Congress Classification
Koha item type Books
Edition 5th ed.
Classification part 155
Item part PAG
Call number prefix G
Holdings
Withdrawn status Lost status Source of classification or shelving scheme Damaged status Not for loan Collection code Home library Current library Shelving location Date acquired Total Checkouts Full call number Barcode Date last seen Copy number Price effective from Koha item type
    Library of Congress Classification     Non-fiction City Campus Library City Campus Library General Stacks 09/16/2020   G 155 PAG 2014 025285 09/16/2020 C-4 09/16/2020 Books
    Library of Congress Classification     Non-fiction Tourism and Hospitality Resource Centre Tourism and Hospitality Resource Centre General Stacks 09/16/2020   G 155 PAG 2014 025241 09/16/2020 C-1 09/16/2020 Books
    Library of Congress Classification     Non-fiction Tourism and Hospitality Resource Centre Tourism and Hospitality Resource Centre General Stacks 09/16/2020   G 155 PAG 2014 025178 09/16/2020 C-2 09/16/2020 Books
    Library of Congress Classification     Non-fiction Tourism and Hospitality Resource Centre Tourism and Hospitality Resource Centre General Stacks 09/16/2020   G 155 PAG 2014 004349 09/16/2020 C-3 09/16/2020 Books